Town boy (Record no. 127270)

MARC details
000 -LEADER
fixed length control field 00675nam a2200229 i 4500
001 - CONTROL NUMBER
control field C2-0327736
003 - CONTROL NUMBER IDENTIFIER
control field PPAK
005 - DATE AND TIME OF LATEST TRANSACTION
control field 20180728125313.0
008 - FIXED-LENGTH DATA ELEMENTS--GENERAL INFORMATION
fixed length control field 140709s2012 my a|||| ||||| | eng d
040 ## - CATALOGING SOURCE
Original cataloging agency PPAK
Language of cataloging eng
Transcribing agency PPAK
Description conventions rda
082 04 - DEWEY DECIMAL CLASSIFICATION NUMBER
Classification number 741.59595
Edition number 23
090 00 - LOCALLY ASSIGNED LC-TYPE CALL NUMBER (OCLC); LOCAL CALL NUMBER (RLIN)
Classification number (OCLC) (R) ; Classification number, CALL (RLIN) (NR) 741.59595
Feature heading LAT
Feature heading G
100 0# - MAIN ENTRY--PERSONAL NAME
Personal name Lat,
Relator term author
245 10 - TITLE STATEMENT
Title Town boy
264 #1 - PRODUCTION, PUBLICATION, DISTRIBUTION, MANUFACTURE, AND COPYRIGHT NOTICE
Place of production, publication, distribution, manufacture Kuala Lumpur :
Name of producer, publisher, distributor, manufacturer 1Malaysia Development Berhad ,
Date of production, publication, distribution, manufacture, or copyright notice 2012
300 ## - PHYSICAL DESCRIPTION
Extent 1 volume (unpaged) :
Other physical details illustrations ;
Dimensions 22 cm
336 ## - CONTENT TYPE
Source rdacontent
Content type term text
337 ## - MEDIA TYPE
Source rdamedia
Media type term unmediated
338 ## - CARRIER TYPE
Source rdacarrier
Carrier type term volume
650 10 - SUBJECT ADDED ENTRY--TOPICAL TERM
Topical term or geographic name entry element Caricatures and cartoons Malaysia. ; Comic books, strips, etc.
942 ## - ADDED ENTRY ELEMENTS (KOHA)
-- dc
Koha item type Book
Holdings
Withdrawn Not for loan Current library Shelving location Date acquired Full call number Barcode Date last seen Koha item type Total Checkouts Date last checked out
    Bergerak 1, Alor Setar Pinjaman Dewasa 07/05/2015 741.59595 LAT A00874139 09/05/2018 Book    
    PD04, Kg. Bukit Nambua, Kuala Nerang Pinjaman Dewasa 14/03/2017 741.59595 LAT A00731111 09/05/2018 Book    
    PD06, Kg. Kepala Bukit, Pendang Pinjaman Dewasa 30/09/2014 741.59595 LAT A00871250 09/05/2018 Book    
    PD07, Kg. Jelutong, Sik Pinjaman Dewasa 30/09/2014 741.59595 LAT A00871251 09/05/2018 Book    
    PD15, Kg. Naga, Kepala Batas Pinjaman Dewasa 08/09/2015 741.59595 LAT A00875940 10/09/2023 Book 1 28/08/2023
    PD15, Kg. Naga, Kepala Batas Pinjaman Dewasa 30/09/2014 741.59595 LAT A00871252 09/05/2018 Book    
    PD25, KEDA Batu 13, Pokok Sena Pinjaman Dewasa 23/07/2014 741.59595 LAT A00870519 09/05/2018 Book    
    PD31, Kg. Gelam, Bedong Pinjaman Dewasa 29/04/2015 741.59595 LAT A00873885 09/05/2018 Book    
    PD38, KEDA Tanjung Setol, Pendang Pinjaman Dewasa 05/01/2015 741.59595 LAT A00872645 09/05/2018 Book